000 00280nam a22001337a 4500
003 SGT
020 _a9780140620474
082 _a820
_bF74H
100 _aHARDY, THOMAS
245 _aFAR FROM THE MADDING CROWD
260 _bPENGUIN BOOKS
_c1874
300 _a374
942 _2ddc
_cBK
999 _c29084
_d29084